College Quizbowl Stats
College Quizbowl Stats
Circuits
Seasons
Sets
Records
Detailed Stats
About
Loading...
Pacific
Tossups
Bonuses
Players
Teams
Categories (Tossup)
Categories (Bonus)
Aymara Johnson
Washington Sockeye
Categories
Category
Powers
Gets
Negs
BBs
Points
Earliest Buzz
Avg. Buzz
First Buzzes
Top 3 Buzzes
BPA
PVF
Fine Arts - Classical Music
0
1
0
0
10
73
73.00
0
0
0.00
0.00
Fine Arts - Other
0
1
0
0
10
36
36.00
0
0
0.00
0.00
Fine Arts - Painting and Sculpture
0
1
0
0
10
105
105.00
0
0
0.00
0.00
Popular Culture
0
1
0
0
10
60
60.00
0
0
0.00
0.00
Buzzes
Category
Answer
Value
Buzz Position
Fine Arts - Other
Les Misérables
10
36
Popular Culture
Severance
10
60
Fine Arts - Classical Music
The Rite of Spring
10
73
Fine Arts - Painting and Sculpture
Michelangelo
10
105
Previous
1
Next